000 00870nam a2200229Ia 4500
005 20230731133318.0
008 131103s9999 xx 000 0 und d
020 _a019-561623-5
_cRs. 1250
040 _aLoreto College
041 _aEnglish
082 _a954
_bHAW
245 _aEncyclopedia of Indian Natural History
_b Centenary publication of the Bombay Natural History Society 1883-1983
_cGeneral editor R.E. Hawkins. Illustration editors Doris Norden and for inset plates Bittu Sahgal.
260 _aDelhi
_bOxford University Press on behalf of the Bombay Natural History Society
_c1986. Reprinted as paster edition 2001
300 _a620p., illus. 27.5cm.
504 _aIncludes index and glossary
630 _aBiology
650 _aNatural History-India
651 _aLife Sciences
700 _aHawkins, R.E.
_4ed.
850 _aLCLIB
942 _cBK
999 _c43369
_d93848